[Event "Suvorov-ch"]
[Site "Suvorov"]
[Date "2007.02.02"]
[Round "9"]
[White "Zhukov, Vladimir"]
[Black "Trunov, Andrey"]
[Result "1-0"]
[WhiteElo "2233"]
[BlackElo "2032"]
[PlyCount "39"]
[EventDate "2007.01.24"]
[EventType "swiss"]
[EventRounds "9"]
[EventCountry "RUS"]
[SourceTitle "EXT 2019"]
[Source "ChessBase"]
[SourceDate "2018.10.10"]
[SourceVersion "1"]
[SourceVersionDate "2018.10.10"]
[SourceQuality "1"]

1. e4 c5 2. Nf3 Nc6 3. d4 cxd4 4. Nxd4 Nf6 5. Nc3 d6 6. Bg5 e6 7. Qd2 Be7 8. 0-0-0 0-0 9. f4 Nxd4 10. Qxd4 Qa5 11. Bc4 Bd7 12. e5 dxe5 13. fxe5 Nd5 14. Bxe7 Nxe7 15. Qxd7 Ng6 16. Qxb7 Rab8 17. Qe4 Nxe5 18. Bb3 Qc7 19. Rhf1 Ng6 20. g3 1-0

[Event "Donskoj STEK"]
[Site "Donskoj"]
[Date "2003.??.??"]
[Round "9"]
[White "Filipov, Ilya"]
[Black "Trunov, Andrey"]
[Result "1-0"]
[WhiteElo "2223"]
[BlackElo "2159"]
[PlyCount "39"]
[EventDate "2003.??.??"]
[EventType "tourn"]
[EventRounds "11"]
[EventCountry "RUS"]
[EventCategory "2"]
[SourceTitle "EXT 2005"]
[Source "ChessBase"]
[SourceDate "2004.11.15"]
[SourceVersion "1"]
[SourceVersionDate "2004.11.15"]
[SourceQuality "1"]

1. d4 d5 2. Bg5 Nf6 3. e3 Bg4 4. Nf3 Ne4 5. Bf4 e6 6. h3 Bxf3 7. Qxf3 Bd6 8. Bd3 Bxf4 9. Qxf4 c5 10. Bxe4 Qa5+ 11. c3 dxe4 12. Qxe4 0-0 13. Qxb7 Na6 14. 0-0 Rab8 15. Qxa7 Rxb2 16. dxc5 Rxa2 17. Rxa2 Qxa2 18. c6 Rb8 19. c7 Rc8 20. Qb7 1-0

[Event "Donskoj STEK Cup"]
[Site "Donskoj"]
[Date "2003.??.??"]
[Round "4"]
[White "Trunov, Andrey"]
[Black "Bakutin, Aleksey"]
[Result "0-1"]
[WhiteElo "2095"]
[BlackElo "2303"]
[PlyCount "72"]
[EventDate "2003.??.??"]
[EventType "tourn"]
[EventRounds "13"]
[EventCountry "RUS"]
[EventCategory "4"]
[SourceTitle "EXT 2005"]
[Source "ChessBase"]
[SourceDate "2004.11.15"]
[SourceVersion "1"]
[SourceVersionDate "2004.11.15"]
[SourceQuality "1"]

1. f4 e5 2. fxe5 d6 3. Nf3 g5 4. d4 g4 5. Bg5 Qd7 6. e6 Qxe6 7. Ng1 Qg6 8. Qd2 Be7 9. Bxe7 Nxe7 10. Nc3 Bf5 11. 0-0-0 Nbc6 12. a3 0-0-0 13. e3 d5 14. Nge2 h5 15. Nf4 Qg5 16. g3 Be6 17. Bd3 Bf5 18. Bb5 Rh6 19. Qg2 a6 20. Ba4 Be6 21. Rhe1 Ng6 22. Bxc6 bxc6 23. Qe2 Kd7 24. Qxa6 Rhh8 25. Na4 Ra8 26. Nc5+ Kd6 27. Nb7+ Kd7 28. Nxe6 fxe6 29. Qd3 Rhf8 30. Rf1 Rf3 31. Rxf3 gxf3 32. Rf1 e5 33. a4 e4 34. Qd2 h4 35. gxh4 Nxh4 36. a5 Ng2 0-1

[Event "Donskoj STEK"]
[Site "Donskoj"]
[Date "2003.??.??"]
[Round "6"]
[White "Trunov, Andrey"]
[Black "Sosulin, Eduard"]
[Result "0-1"]
[WhiteElo "2159"]
[BlackElo "2361"]
[PlyCount "90"]
[EventDate "2003.??.??"]
[EventType "tourn"]
[EventRounds "11"]
[EventCountry "RUS"]
[EventCategory "2"]
[SourceTitle "EXT 2005"]
[Source "ChessBase"]
[SourceDate "2004.11.15"]
[SourceVersion "1"]
[SourceVersionDate "2004.11.15"]
[SourceQuality "1"]

1. e4 d6 2. d4 g6 3. Nc3 Bg7 4. f4 c6 5. Nf3 Bg4 6. Be2 Qb6 7. e5 Nh6 8. h3 Bxf3 9. Bxf3 Nf5 10. Ne2 Nh4 11. Ng1 c5 12. c3 cxd4 13. Qxd4 dxe5 14. fxe5 Nxf3+ 15. Nxf3 Nc6 16. Qxb6 axb6 17. Bf4 Ra4 18. b4 f6 19. 0-0 fxe5 20. Be3 0-0 21. b5 Na7 22. Rab1 Nc8 23. Nd2 e6 24. Rb3 Rd8 25. Kf2 Rd3 26. Ke2 Nd6 27. Ne4 Rxe3+ 28. Kxe3 Rxe4+ 29. Kd3 Ra4 30. a3 Ne4 31. Kc2 Nc5 32. Rbb1 Rxa3 33. Ra1 Ra5 34. Rfd1 Bf6 35. Rxa5 bxa5 36. Rf1 Kf7 37. g4 Ke7 38. b6 a4 39. Re1 e4 40. c4 Kd6 41. Rd1+ Ke5 42. Re1 Kd4 43. Rf1 e3 44. Rxf6 e2 45. Kd2 Ne4+ 0-1